<?xml version="1.0" encoding="UTF-8"?>
<marc:record xmlns:marc="http://www.loc.gov/MARC21/slim">
   <marc:leader>00000nam a2200000 a 4500</marc:leader>
   <marc:datafield ind1="1" ind2=" " tag="100">
      <marc:subfield code="a">Blade, Adam</marc:subfield>
      <marc:subfield code="4">aut</marc:subfield>
      <marc:subfield code="e">Verfasser/-in</marc:subfield>
   </marc:datafield>
   <marc:datafield ind1="0" ind2="0" tag="245">
      <marc:subfield code="a">Arachnid, Meister der Spinnen</marc:subfield>
   </marc:datafield>
   <marc:datafield ind1="0" ind2="0" tag="245">
      <marc:subfield code="b">; Beast Quest Band 11 / Antolin</marc:subfield>
   </marc:datafield>
   <marc:datafield ind1=" " ind2="1" tag="264">
      <marc:subfield code="b">Loewe</marc:subfield>
      <marc:subfield code="c">2010</marc:subfield>
   </marc:datafield>
   <marc:datafield ind1="1" ind2=" " tag="490">
      <marc:subfield code="a">Beast Quest</marc:subfield>
   </marc:datafield>
   <marc:datafield ind1="1" ind2=" " tag="520">
      <marc:subfield code="a">Tom ist auf einer neuen Mission. Der böse Magier Malvel hat die goldene Rüstung gestohlen! Sechs schreckliche Biester bewachen sie. Tom muss mit ihnen kämpfen, um die Rüstung zurückzuerobern. Tief verborgen unter den Felsen liegen die goldenen Panzerhandschuhe. Doch als Tom und seine Freunde die Höhle betreten, lauert dort schon die Riesenspinne Arachnid auf sie und webt sie mit ihren tödlichen, klebrigen Fäden ein. Actionreiche Fantasy, spannende Missionen und gefährliche Biester! Die erfolgreiche Kinderbuchreihe mit zahlreichen Illustrationen ist besonders für Jungs ab 8 Jahren geeignet.</marc:subfield>
   </marc:datafield>
   <marc:datafield ind1=" " ind2=" " tag="020">
      <marc:subfield code="a">9783785567135</marc:subfield>
      <marc:subfield code="9">9783785567135</marc:subfield>
   </marc:datafield>
</marc:record>
